书目信息 |
| 题名: |
扫描电子显微镜入门
|
|
| 作者: | 马金鑫 , 朱国凯 编著 | |
| 分册: | ||
| 出版信息: | 北京 科学出版社 1985 |
|
| 页数: | 247页 | |
| 开本: | 19cm | |
| 丛书名: | 生物学知识丛书 | |
| 单 册: | ||
| 中图分类: | Q-336 | |
| 科图分类: | ||
| 主题词: | 扫描电子显微镜 | |
| 电子资源: | ||
| ISBN: | ||
| 000 | 00762nam2 2200277 45 | |
| 001 | 0185010754 | |
| 005 | 20040524162320.3 | |
| 010 | @dCNY1.65 | |
| 091 | @a13031.2906 | |
| 100 | @a19900903d1985 em y0chiy0121 ea | |
| 101 | 0 | @achi |
| 102 | @aCN@b110000 | |
| 105 | @ay z 000yy | |
| 106 | @ar | |
| 200 | 10 | @a扫描电子显微镜入门@Asao miao dian zi xian wei jing ru men@f马金鑫, 朱国凯编著 |
| 210 | @a北京@c科学出版社@d1985 | |
| 215 | @a247页@d19cm | |
| 225 | 2 | @a生物学知识丛书 |
| 410 | 0 | @120010@a生物学知识丛书 |
| 606 | @a扫描电子显微镜 | |
| 690 | @aQ-336@v3 | |
| 701 | 0 | @a马金鑫@Ama jin xin@4编著 |
| 701 | 0 | @a朱国凯@Azhu guo kai@4编著 |
| 801 | 0 | @aCN@b深圳图书馆@c20040524 |
| 801 | 2 | @aCN@bNLC@c20040524 |
| 905 | @f2@b142550-551@dQ-336@e10 | |
| 扫描电子显微镜入门/马金鑫, 朱国凯编著.-北京:科学出版社,1985 |
| 247页;19cm.-(生物学知识丛书) |
| ISBN :CNY1.65 |
| ● |
| 相关链接 |
|
|
|
|
正题名:扫描电子显微镜入门
索取号:Q-336/10
 
预约/预借
| 序号 | 登录号 | 条形码 | 馆藏地/架位号 | 状态 | 备注 |
| 1 | 0142550 | 000075091 | 密集书库/ [索取号:Q-336/10] | 在馆 | |
| 2 | 0142551 | 000075108 | 第三借阅区/ [索取号:Q-336/10] | 在馆 | |
| 3 | 0142552 | 202106728 | 第二样本阅览室/ [索取号:Q-336/10] | 在馆 |